000 00451nam a2200193Ia 4500
008 240509s9999 xx 000 0 und d
020 _a0000782119840
041 _aEng
082 _a005.118
082 _bP27
100 _aPETROUTSOS ,E.
245 0 _aMASTERING VISUAL BASIC 5 :( With CD)
260 _bSYBEX : PARIS
260 _c1997
300 _a1074 p.
650 _aVISUAL PROGRAMMING : VISUAL BASIC
942 _2ddc
942 _cLBK
999 _c22346
_d22346
945 _a1
_bMadushi Gamage
_c1
_dMadushi Gamage